000 00949cam7a220027700 4500
001 lce01106653
008 800930s1979 ne b 001 0 eng
010 _a 79089781
015 _aNe***
020 _a9028603298
035 _a(Sirsi) r113237
035 _a(DLC) 79089781
035 _a(UPRA)lce01106653
050 0 _aJX4211
_b.W4 1979b
082 0 _a341.4/82
_219
100 1 _aWeis, Paul.
_6A75084.1
245 1 0 _aNationality and statelessness in international law /
_cby P. Weis ; with a foreword by Hersch Lauterpacht.
250 _a2d ed.
260 _aAlphen aan den Rijn ; Germantown, Md. :
_aAlphen aan den Rijn ; Germantown, Md. :
_bSijthoff & Noordhoff,
_c1979.
500 _aIncludes index.
504 _aBibliography: p. [313]-321.
650 0 _aCitizenship (International law)
_6S55861.1
650 0 _aStatelessness.
_6S39150.1
949 _aJX4211
_wlcc
_i33729001717680
_mMAIN
_p2500
_tBOOK
_lON-SHELF
004 113237
999 _c188950
_d188950